MARC details
| 000 -LEADER |
| fixed length control field |
03401cam a2200481 i 4500 |
| 001 - CONTROL NUMBER |
| control field |
data |
| 005 - DATE AND TIME OF LATEST TRANSACTION |
| control field |
20260322212119.0 |
| 008 - FIXED-LENGTH DATA ELEMENTS--GENERAL INFORMATION |
| fixed length control field |
data |
| 035 ## - SYSTEM CONTROL NUMBER |
| System control number |
23028892 |
| 010 ## - LIBRARY OF CONGRESS CONTROL NUMBER |
| LC control number |
2023285706 |
| 020 ## - INTERNATIONAL STANDARD BOOK NUMBER |
| International Standard Book Number |
9781039301573 |
| Qualifying information |
(set) |
| 020 ## - INTERNATIONAL STANDARD BOOK NUMBER |
| International Standard Book Number |
9781554814640 |
| Qualifying information |
softcover) |
| -- |
softcover) |
| 020 ## - INTERNATIONAL STANDARD BOOK NUMBER |
| International Standard Book Number |
9781554814657 |
| Qualifying information |
softcover) |
| -- |
softcover) |
| 020 ## - INTERNATIONAL STANDARD BOOK NUMBER |
| International Standard Book Number |
9781554816194 |
| Qualifying information |
softcover) |
| -- |
softcover) |
| 035 ## - SYSTEM CONTROL NUMBER |
| System control number |
(OCoLC)1285915661 |
| 040 ## - CATALOGING SOURCE |
| Original cataloging agency |
NLC |
| Language of cataloging |
eng |
| Description conventions |
rda |
| Transcribing agency |
YDX |
| Modifying agency |
DLC |
| -- |
OCLCO |
| -- |
OCLCF |
| -- |
ZYU |
| -- |
NLC |
| -- |
DLC |
| 042 ## - AUTHENTICATION CODE |
| Authentication code |
lccopycat |
| -- |
lccopycat |
| 043 ## - GEOGRAPHIC AREA CODE |
| Geographic area code |
n-us--- |
| 050 00 - LIBRARY OF CONGRESS CALL NUMBER |
| Classification number |
PS507 |
| Item number |
.B748 2022 |
| 082 04 - DEWEY DECIMAL CLASSIFICATION NUMBER |
| Classification number |
810.8 |
| Edition information |
23 |
| 084 ## - OTHER CLASSIFICATION NUMBER |
| Classification number |
cci1icc |
| Number source |
lacc |
| 245 04 - TITLE STATEMENT |
| Title |
The Broadview anthology of American literature. |
| 264 #1 - PRODUCTION, PUBLICATION, DISTRIBUTION, MANUFACTURE, AND COPYRIGHT NOTICE |
| Place of production, publication, distribution, manufacture |
Tonawanda, NY, USA : |
| -- |
Tonawanda, NY, USA : |
| Name of producer, publisher, distributor, manufacturer |
Broadview Press, |
| Date of production, publication, distribution, manufacture, or copyright notice |
[2022]- |
| 264 #4 - PRODUCTION, PUBLICATION, DISTRIBUTION, MANUFACTURE, AND COPYRIGHT NOTICE |
| Date of production, publication, distribution, manufacture, or copyright notice |
©2022 |
| 300 ## - PHYSICAL DESCRIPTION |
| Extent |
volumes : |
| Other physical details |
illustrations, maps, portraits ; |
| Dimensions |
24 cm |
| 336 ## - CONTENT TYPE |
| Content type term |
text |
| Content type code |
txt |
| Source |
rdacontent |
| 337 ## - MEDIA TYPE |
| Media type term |
unmediated |
| Media type code |
n |
| Source |
rdamedia |
| 338 ## - CARRIER TYPE |
| Carrier type term |
volume |
| Carrier type code |
nc |
| Source |
rdacarrier |
| 504 ## - BIBLIOGRAPHY, ETC. NOTE |
| Bibliography, etc. note |
Includes bibliographical references and index. |
| 505 00 - FORMATTED CONTENTS NOTE |
| Title |
Volume A. Beginnings to 1820 / |
| Statement of responsibility |
Derrick R. Spires, Cornell University Rachel Greenwald Smith, Saint Louis University Christina Roberts, Seattle University Joseph Rezek, Boston University Justine S. Murison, University of Illinois, Urbana-Champaign Laura L. Mielke, University of Kansas Christopher Looby, UCLA Rodrigo Lazo, UC Irvine Alisha Knight, Washington College Hsuan L. Hsu, UC Davis Michael Everton, Simon Fraser University Christine Bold, University of Guelph. |
| 505 00 - FORMATTED CONTENTS NOTE |
| Title |
Volume B. 1820 to Reconstruction / |
| Statement of responsibility |
general editors: Derrick R. Spires, Cornell University Rachel Greenwald Smith, Saint Louis University Christina Roberts, Seattle University Joseph Rezek, Boston University Justine S. Murison, University of Illinois, Urbana-Champaign Laura L. Mielke, University of Kansas Christopher Looby, UCLA Rodrigo Lazo, UC Irvine Alisha Knight, Washington College Hsuan L. Hsu, UC Davis Michael Everton, Simon Fraser University Christine Bold, University of Guelph. |
| 520 ## - SUMMARY, ETC. |
| Summary, etc. |
"About the Anthology Covering American literature from its pre-contact Indigenous beginnings through the Reconstruction period, the first two volumes of The Broadview Anthology of American Literature represent a substantial reconceiving of the canon of early American literature. Guided by the latest scholarship in American literary studies, and deeply committed to inclusiveness, social responsibility, and rigorous contextualization, the anthology balances representation of widely agreed-upon major works with an emphasis on American literature's diversity, variety, breadth, and connections with the rest of the Americas."-- |
| Assigning source |
Provided by publisher. |
| 530 ## - ADDITIONAL PHYSICAL FORM AVAILABLE NOTE |
| Additional physical form available note |
Issued also in electronic format. |
| 650 #0 - SUBJECT ADDED ENTRY--TOPICAL TERM |
| Topical term or geographic name entry element |
American literature. |
| 650 #7 - SUBJECT ADDED ENTRY--TOPICAL TERM |
| Topical term or geographic name entry element |
American literature. |
| Source of heading or term |
fast |
| Authority record control number or standard number |
(OCoLC)fst00807113 |
| 655 #7 - INDEX TERM--GENRE/FORM |
| Genre/form data or focus term |
Literature. |
| Source of term |
fast |
| Authority record control number or standard number |
(OCoLC)fst01921716 |
| 655 #7 - INDEX TERM--GENRE/FORM |
| Genre/form data or focus term |
Literature. |
| Source of term |
lcgft |
| 700 1# - ADDED ENTRY--PERSONAL NAME |
| Personal name |
Spires, Derrick Ramon, |
| Relator term |
editor. |
| 776 08 - ADDITIONAL PHYSICAL FORM ENTRY |
| Relationship information |
Online version: |
| Title |
Broadview anthology of American literature. |
| Place, publisher, and date of publication |
Peterborough, Ontario : Broadview Press, 2022 |
| International Standard Book Number |
9781770488274 |
| -- |
9781770488274 |
| Record control number |
(OCoLC)1294313009 |
| 906 ## - LOCAL DATA ELEMENT F, LDF (RLIN) |
| a |
7 |
| b |
cbc |
| c |
copycat |
| d |
2 |
| e |
ncip |
| f |
20 |
| g |
y-gencatlg |
| 925 0# - |
| -- |
acquire |
| -- |
1 shelf copy |
| -- |
policy default |